kylie cantrall songs - Statistics

General Stats
  • This quiz has been taken 15 times
  • The average score is 4 of 11
Answer Stats
singles 10 minute songs (volume 1) b.o.y % Correct
5 elastic 5 head in the clouds 5 sharlize & malia
67%
10 denim 10 outro
58%
9 goodie bag 9 boy is yours
50%
8 boy for a day 8 raised by rihanna
42%
2 texts go green 2 dear diary 2 see u tonight (feat. yunah &minju of illit)
33%
6 (cover) boo’d up 6 like a movie 6 boy for a day
25%
1 switch phones 1 mascara 1 intro
25%
7 unsure 7 kyle’s interlude
25%
4 put the record on 4 put the record on 4 goodie bag
17%
3 (cover) santa tell me 3 happy with yourself 3 denim
17%
11 see u tonight (feat. yunah & minju of illit)
8%
No matching quizzes found
Score Distribution
Percent of People with Each Score
Percentile by Number Answered
Your Score History
You have not taken this quiz